Ajuste por inflación contable (Registro nro. 30740)

Detalles MARC
000 -LEADER
fixed length control field 00466 a2200157 4500
001 - CONTROL NUMBER
control field ART_50636
005 - DATE AND TIME OF LATEST TRANSACTION
control field 20260410161955.0
008 - FIXED-LENGTH DATA ELEMENTS--GENERAL INFORMATION
fixed length control field 260409a
100 1# - MAIN ENTRY--PERSONAL NAME
Personal name Rondi, Gustavo R.
245 10 - TITLE STATEMENT
Title Ajuste por inflación contable
700 1# - ADDED ENTRY--PERSONAL NAME
Personal name Casal, María del Carmen
700 1# - ADDED ENTRY--PERSONAL NAME
Personal name Galante, Marcelo J.
700 1# - ADDED ENTRY--PERSONAL NAME
Personal name Gómez, Melisa
700 1# - ADDED ENTRY--PERSONAL NAME
Personal name Giai Levra, Valeria
773 0# - HOST ITEM ENTRY
Title Temas de derecho comercial
Related parts - Año 6, N° 2 (feb. 2020)
Record control number REV28151

No hay ítems disponibles.